Система архетипних образів у творах "Остання любов у Константинополі" Милорада Павича, "Замок перехрещених доль" Італо Кальвіно, "Старші аркани" Чарльза Уільямса (Запис № 284939)
[ простий вигляд ]
| 000 -LEADER | |
|---|---|
| fixed length control field | 02104nam a22001577a 4500 |
| 041 ## - LANGUAGE CODE | |
| Language code of text/sound track or separate title | ukr |
| 080 ## - UNIVERSAL DECIMAL CLASSIFICATION NUMBER | |
| Universal Decimal Classification number | 09 |
| 090 ## - LOCALLY ASSIGNED LC-TYPE CALL NUMBER (OCLC); LOCAL CALL NUMBER (OCLC) | |
| Local cutter number (OCLC) ; Book number/undivided call number, CALL (RLIN) | МЕЩ |
| 100 ## - MAIN ENTRY--PERSONAL NAME | |
| Personal name | Мещерякова Ю. І. |
| 245 ## - TITLE STATEMENT | |
| Title | Система архетипних образів у творах "Остання любов у Константинополі" Милорада Павича, "Замок перехрещених доль" Італо Кальвіно, "Старші аркани" Чарльза Уільямса |
| 260 ## - PUBLICATION, DISTRIBUTION, ETC. (IMPRINT) | |
| Place of publication, distribution, etc | Острог |
| Name of publisher, distributor, etc | КАФ |
| Date of publication, distribution, etc | 2012 |
| 300 ## - PHYSICAL DESCRIPTION | |
| Extent | 50 |
| 520 ## - SUMMARY, ETC. | |
| Summary, etc | РОЗДІЛ 1 ЖАНРОВІ ОСОБЛИВОСТІ РОМАНУ І СВІТОГЛЯДНИЙ ЗМІСТ ЕПОХИ ПОСТМОДЕРНУ<br/>1.1 Філософія постмодерну і епоха.<br/>1.2 Літературний дискурс постмодернізму.<br/>1.3 Жанрові особливості роману.<br/>РОЗДІЛ 2 ТЕОРЕТИЧНИЙ АСПЕКТ ВИВЧЕННЯ ПОНЯТЬ "АРХЕТИП", "АРХЕТИПНИЙ ОБРАЗ"<br/>2.1 Метод архетипів К. Юнга. Історія досліджень і трансформація змісту поняття "архетип".<br/>2.2 Образ науковий і художній. Терапія і мистецтво: співвідношення понять "психічний образ", "архетипний образ" ("літературний архетип").<br/>2.3 Карти Таро як первісна модель базових архетипів колективного несвідомого.<br/>РОЗДІЛ 3 СИСТЕМА АРХЕТИПНИХ ОБРАЗІВ У ТВОРАХ "ОСТАННЯ ЛЮБОВ У КОНСТАНТИНОПОЛІ" МИЛОРАДА ПАВИЧА, "ЗАПОК ПЕРЕХРЕЩЕНИХ ДОЛЬ" ІТАЛО КАЛЬВІНО, "СТАРШІ АРКАНИ" ЧАРЛЬЗА УІЛЬЯМСА<br/>3.1 Карта "Блазень".<br/>3.2 Карта "Закохані".<br/>3.3 Карта "Мир". |
| -- | літературознавство, Кальвіно, Уільямс, Павич |
| 650 ## - SUBJECT ADDED ENTRY--TOPICAL TERM | |
| Topical term or geographic name as entry element | Research Papers |
| 942 ## - ADDED ENTRY ELEMENTS (KOHA) | |
| Koha item type | Книги |
| Withdrawn status | Lost status | Source of classification or shelving scheme | Damaged status | Not for loan | Home library | Current library | Date acquired | Source of acquisition | Cost, normal purchase price | Total Checkouts | Full call number | Barcode | Date last seen | Price effective from | Koha item type |
|---|---|---|---|---|---|---|---|---|---|---|---|---|---|---|---|
| Universal Decimal Classification | ВІЛ - Відділ іноземн. літератури НБ | ВІЛ - Відділ іноземн. літератури НБ | 18/09/2012 | Акт №5 | 1.00 | 09 | 215018 | 10/11/2021 | 18/09/2012 | Книги |